00870naa a22002177a 4500001001000000003000900010005001700019007000300036008003400039040005400073041000900127072001500136100001800151111007900169245006300248500010400311773010300415650002200518650001300540490009900553BR9101821BR-BrBNA20250721155401.0ta250630b bl.|||m| |||| 00| 0 por d aBR-BrBNAbporcBiblioteca Nacional de Agricultura a(Pt) aA50b/G5141 aMoraes, E. de1 a2. Seminario Agropecuario do AcrecRio Branco, AC (Brazil)d13-17 Oct 19861 aRumos da pesquisa agropecuaria no tropico umido brasileiro aAnais do 2. Seminario Agropecuario do Acre Rio Branco, AC (Brasil): 1988. p. 49-56 (BR9101821-AMS) 0 tAnais do 2. Seminario Agropecuario do AcrewA50 BR9101821gRio Branco, AC (Brasil), 1988. p. 49-56 aPESQUISA AGRICOLA aAMAZONIA aDocumentos - Unidade de Execucao de Pesquisa de Ambito Estadual de Rio Branco (Brazil)vNo. 10